LEADER 01438nam a2200277 4500 001 000000330988 003 CaOOAMICUS 005 20181030145227.0 008 181030s2015 it 000 u ita r 020 $a978-88-911-7502-1 040 $aSeMil$bita 100 1 $aBicchiega, Marina,$d<1967- >,$eautore.$0(OLS)http://semarc/name/108420 245 03$aLa regolazione naturale della fertilitŕ :$buna frontiera della bioetica tra scienza, fede e cultura /$cMarina Bicchiega ; prefazione di Renzo Puccetti ; presentazione di Vittorio Gepponi. 264 1$aTricase (LE) :$bYoucanprint Self-Publishing,$c2015. 300 $a244 p. ;$c23 cm 541 1 $aFondo Card. Angelo Scola 650 4$aRegolazione delle nascite - Chiesa cattolica.$0(OLS)http://semarc/subject/10313 700 1 $aPuccetti, Renzo,$eautore di introduzione.$0(OLS)http://semarc/name/38455 700 1 $aGepponi, Vittorio,$eautore di introduzione.$0(OLS)http://semarc/name/108421 850 $aSeMil 852 $aSeMil$W1$xVenegono$y1$m3E III 355$j210487$B224417$CSeMilBibl$Z2$F224417 $81 941 1 $a6 996 $6020$a978-88-911-7502-1$9(OLS)http://semarc/number/285498 996 $6245$aLa regolazione naturale della fertilitŕ :$buna frontiera della bioetica tra scienza, fede e cultura$9(OLS)http://semarc/title/419619 996 $6264$aTricase (LE) :$bYoucanprint Self-Publishing$9(OLS)http://semarc/publisher/57167 LEADER 01064nam a2200229 i 4500 001 000000244758 003 CaOOAMICUS 005 20220725103220.0 008 150817s1797 it u000 u ita u 013 $a223663 026 $at-co i-o- n-i- luvo (7) 1797 (R) 040 $aSeMil$bita 100 1 $aBossuet, Jacques-Bénigne,$c.$0(OLS)http://semarc/name/1094 245 10$aConfutazione del catechismo del signor Paolo Ferry di monsignor Jacopo-Benigno Bossuet .. 300 $a231, [1] p. 500 $aSegn.: A-O8 P4 773 0 $aBossuet, Jacques-Bénigne $tOpere di monsignor Jacopo-Benigno Bossuet vescovo di Meaux. Tomo 1. [-67.].$dVenezia : Presso Pietro Zerletti, 1795-1801.$g23$w()5589 850 $aSeMil 852 $aSeMil$W1$xVenegono$y1$m3F V 211 FA$j195104$B195104$CSeMilBibl$Z2$F205765 $8I 961 $aRecupero: Seminario del Duomo 996 $6245$aConfutazione del catechismo del signor Paolo Ferry di monsignor Jacopo-Benigno Bossuet ..$9(OLS)http://semarc/title/346591